00864nam a2200205 a 450000100100000000500170001000800410002702000180006809000130008610000300009924500670012926000360019630000110023250000530024350001540029665000260045065000240047699900130050095201450051300000680320200120221841.0990306s1989 ck a gr 0 j spa d a958-06-0030-9 aACbGARf0 aGarcia Márquez, Gabriel14aLos funerales de la mamá grande /cGabriel Garcia Márquez. aBogotá :bOveja negra,c1989. a111 p. aej. 1 del Biblioparque de Funza : edición 1987 aej. 1 del Biblioparque de Funza: colección proveniente de la Antigua Biblioteca Municipal de Funza, Centro Cultural Bacatá, Funza (Cundinamarca).14aLiteratura colombiana24aCuentos colombianos c532d532 00102ddc40708LAaBPMOSbBPMOSd2020-01-20i100366l6oAC GARfpMOS005475r2026-04-20s2026-04-06tej.1w2020-01-20yBKLITzQuince días